Ricostruisci la Carriera del Calciatore - Giandomenico Mesto - Statistics

Statistiche generali
  • Questo quiz è stato fatto 3 volte
  • Il punteggio medio è 2 su 8
Statistiche sulle risposte
Hint Risposta % Corretto
2001-2002 Fermana
100%
2015-2017 Panathīnaïkos
50%
2000-2001 Cremonese
0%
2008-2012 Genoa
0%
2012-2015 Napoli
0%
1998-2000 Reggina
0%
2002-2007 Reggina
0%
2007-2008 Udinese
0%
Nessun quiz corrispondente trovato
Distribuzione punteggi
Percentuale di utenti per punteggio
Percentile per numero di risposta
I tuoi punteggi nel tempo
Non hai fatto questo quiz